000 00376nam a2200145 i 4500
001 bg
100 1 _aBIERNACKI, Franciszek
245 0 _aTeoria odwzorowań powierzchni dla geodetów i kartografów /
_cFranciszek Biernacki.
260 _aWarszawa,
_c1949.
040 _cBPK
041 _apol
080 _a528.9
942 _cKS
008 s pl f |000 0 pol
999 _c16283
_d16283
856 _uhttp://koha.tu.koszalin.pl/cgi-bin/koha/opac-detail.pl?biblionumber=16283
_yKatalog online BPK